|
|
|
|
| LEADER |
00000nam0a2200000 4500 |
| 001 |
146609 |
| 005 |
20231101221235.0 |
| 010 |
|
|
|a 9785756704976
|b (в пер.)
|b 2500 экз.
|
| 021 |
|
|
|a RU
|b 08-63884
|9 08-3632
|
| 035 |
|
|
|a (RuTPU)RU\TPU\book\158915
|
| 090 |
|
|
|a 146609
|
| 100 |
|
|
|a 20080911d2008 m y0rusy5002 ca
|
| 101 |
0 |
|
|a rus
|
| 102 |
|
|
|a RU
|
| 105 |
|
|
|a y j 001zy
|
| 200 |
1 |
|
|a Конфликты на Востоке: этнические и конфессиональные
|e учебное пособие для вузов
|f под ред. А. Д. Воскресенского
|
| 210 |
|
|
|a Москва
|c Аспект Пресс
|d 2008
|
| 215 |
|
|
|a 511, [1] с.
|d 22 см.
|
| 320 |
|
|
|a Библиогр.: с. 487-496.
|
| 320 |
|
|
|a Библиография в конце тем.
|
| 330 |
|
|
|a В книге анализируются причины, типы и последствия современных региональных и внутриполитических этноконфессиональных конфликтов на Востоке. Рассчитано на востоковедов, работников государственных ведомств и независимых аналитических центров, студентов и магистрантов по направлениям: «Международные отношения», «Зарубежное регионоведение», «Политология», «История», «Этнология», а также на широкий круг читателей, интересующихся современными политическими процессами на Востоке. Может использоваться как учебное пособие по соответствующему спецкурсу.
|
| 606 |
1 |
|
|a Национальные отношения
|y Азия
|2 stltpush
|3 (RuTPU)RU\TPU\subj\68349
|9 83738
|
| 606 |
1 |
|
|a Политические конфликты
|2 stltpush
|3 (RuTPU)RU\TPU\subj\27923
|
| 610 |
1 |
|
|a политика
|
| 610 |
1 |
|
|a политология
|
| 610 |
1 |
|
|a этнические конфликты
|
| 610 |
1 |
|
|a конфессиональные конфликты
|
| 610 |
1 |
|
|a религиозные конфликты
|
| 610 |
1 |
|
|a Восток
|
| 610 |
1 |
|
|a этноконфессиональные конфликты
|
| 610 |
1 |
|
|a Ближний Восток
|
| 610 |
1 |
|
|a Африка
|
| 610 |
1 |
|
|a Марокко
|
| 610 |
1 |
|
|a Тунис
|
| 610 |
1 |
|
|a Алжир
|
| 610 |
1 |
|
|a Палестина
|
| 610 |
1 |
|
|a израильский конфликт
|
| 610 |
1 |
|
|a межтнические конфликты
|
| 610 |
1 |
|
|a Ирак
|
| 610 |
1 |
|
|a Турция
|
| 610 |
1 |
|
|a курды
|
| 610 |
1 |
|
|a Иран
|
| 610 |
1 |
|
|a Афганистан
|
| 610 |
1 |
|
|a Центральная Азия
|
| 610 |
1 |
|
|a Пакистан
|
| 610 |
1 |
|
|a Южная Азия
|
| 610 |
1 |
|
|a Пакистан
|
| 610 |
1 |
|
|a Южная Азия
|
| 610 |
1 |
|
|a Индонезия
|
| 610 |
1 |
|
|a Голландия
|
| 610 |
1 |
|
|a Китай
|
| 610 |
1 |
|
|a Япония
|
| 610 |
1 |
|
|a учебные пособия
|
| 686 |
|
|
|a Ф5(5)я73
|2 rubbk
|
| 686 |
|
|
|a Ф011.6я73
|2 rubbk
|
| 702 |
|
1 |
|a Воскресенский
|b А. Д.
|g Алексей Дмитриевич
|4 340
|
| 801 |
|
1 |
|a RU
|b 63413507
|c 20081030
|g PSBO
|
| 801 |
|
2 |
|a RU
|b 63413507
|c 20201117
|g PSBO
|
| 900 |
|
|
|a Конфликтология
|
| 900 |
|
|
|a Этнология Азиатско-Тихоокеанского региона
|
| 942 |
|
|
|c BK
|
| 951 |
|
|
|b 030700
|b 030701
|b 031800
|b 031801
|
| 959 |
|
|
|a 99/20081030
|d 1
|e 341,00
|f ЧЗГЛ:1
|